00375nam a2200133Ia 4500008004100000041000800041082001900049100001700068245009900085260001700184300000800201365001500209700001700224230719s9999 xx 000 0 und d aeng a658.4'036bCAR aCaroselli M. aThe Critical Thinking Tool Kit Spark your Team's Creativity with 35 problem Solving Activities c2011bAMACOM a212 cRs.b88.00 aCaroselli M.